| 000 | 00756nam a22002171a 4500 | ||
|---|---|---|---|
| 005 | 20110718133134.0 | ||
| 008 | 091005s1997 001 0 eng d | ||
| 020 |
_a9966407693 : _c0.00 |
||
| 040 | _aNEGST Library - Kenya | ||
| 050 | 4 | _aBS 325.P85 1997 | |
| 082 | 0 | _aBS 325.P85 1997 | |
| 100 | 1 | _aAlliance Biblique au Senegal. | |
| 245 | 1 | 0 | _aAadi Keso linjiila /. |
| 260 |
_aSenegal : _bAlliance Biblique Univer, _cc1997. |
||
| 300 | _a573 p.; | ||
| 500 | _a"Le Nouveau Testament en langue pulaar (Fouta Toro, Senegal)." - T.p. verso. [Africana] | ||
| 600 | 1 | 0 | _aBible. N.T. Pulaar (Fouta Toro). 1997. |
| 600 | 1 | 0 | _aPulaar (Fouta Toro) - Bible. |
| 600 | 1 | 0 | _aPulaar (Fouta Toro) - Texts. |
| 852 | _93.50 | ||
| 999 |
_c39984 _d39984 |
||